• 首页
  • 本馆介绍
  • 公告通知
  • 最新文献
  • 馆藏检索
  • 电子资源
  • 读者导购
  • 参考咨询
  • 我的图书馆
  • 登录
  • 详细信息显示
  • 放入我的书架
  • 预约/预借图书
  • 作者相关作品
  • 分类相关作品
  • 丛书相关作品
  • 出版社相关作品

书目信息

  • 表格格式
  • 工作单格式
  • 卡片格式
书名: The sociolinguistics of language =
作者: Ralph Fasold著 ; 杨永林导读.
分册号:
分册名:
出版地: 北京 :
 
出版社: 外语教学与研究出版社
出版时间: 2000.
页数: 54, 347 p. :
开本: 23 cm.
丛书名: 当代国外语言学与应用语言学文库
中图分类号:
科图分类号:
其他分类号: H0
主题词:
电子资源:
000 01931nam a2200745 a 45
001 E0733562594
003 CAL
005 20070819092045.42
008 890623r20001990cc a b 001 0 eng d
020    @a7560019188 :@cCNY32.90.
040    @aECNU@cECN@dDUTL
050  4 @aP40@b.I58 1984 vol. 2
090    @aH0
093    @aH0@24
094    @a41.1@23
099    @dH0@ex151
100 1  @aFasold, Ralph W.
245 14 @aThe sociolinguistics of language = :@b社会语言学 / @cRalph Fasold著 ; 杨永林导读.
246 31 @a社会语言学
260    @a北京 :@b外语教学与研究出版社,@c2000.
300    @a54, 347 p. :@bill. ;@c23 cm.
440  0 @a当代国外语言学与应用语言学文库
504    @aIncludes bibliographical references (p. [315]-342) and index.
534    @aReprint. Originally published :@cCambridge, Ma. : Blackwell, 1990.
650  0 @aSociolinguistics.
800 1  @aFasold, Ralph W.@tIntroduction to sociolinguistics ;@vv. 2.
920    @a231220@z2
920    @a232010@z1
920    @a231010@z1
920    @a211020@z1
920    @a243160@z1
920    @a242020@z2
920    @a244050@z2
920    @a211010@z1
920    @a242120@z2
920    @a214010@z2
920    @a212010@z2
920    @a211410@z1
920    @a237010@z1
920    @a231280@z2
920    @a211050@z2
920    @a237385@z2
920    @a251050@z1
920    @a211260@z1
920    @a211060@z1
920    @a237020@z0
920    @a246060@z0
920    @a251430@z2
920    @a246010@z1
920    @a222220@z1
920    @a236010@z2
920    @a241061@z1
920    @a211340@z1
920    @a222020@z2
920    @a221010@z2
920    @a221060@z1
920    @a211270@z2
920    @a223140@z1
920    @a221020@z1
920    @a246040@z1
920    @a242010@z1
920    @a261020@z1
920    @a242250@z1
920    @a244020@z2
998    @aECN
    
    The sociolinguistics of language = : : 社会语言学 / / Ralph Fasold著 ; 杨永林导读.-北京 : : 外语教学与研究出版社, , 2000.
    54, 347 p. : : ill. ; ; 23 cm.- (当代国外语言学与应用语言学文库)
    Includes bibliographical references (p. [315]-342) and index.-Reprint. Originally published :
    
    ISBN 7560019188 :CNY32.90.
    
●
相关链接 在E读中查询图书 在五车中查询图书 在当当中查询图书 在豆瓣中查询图书


正题名:sociolinguistics of language =     索取号:H0/x151         预约/预借

序号 登录号 条形码 馆藏地/架位号 状态 备注
1 0016853   300168538   第二样本阅览室/ [索取号:H0/x151] 在馆    
2 0016854   300168547   第四借阅区/ [索取号:H0/x151] 在馆    
3 0016855   300168556   第四借阅区/ [索取号:H0/x151] 在馆    
4 0016856   300168565   第四借阅区/ [索取号:H0/x151] 在馆    
5 0016857   300168574   第四借阅区/ [索取号:H0/x151] 在馆    
唐山师范学院图书馆 欢迎您!
大连网信软件有限公司© 版权所有